| 000 | 00521nam a2200193Ia 4500 | ||
|---|---|---|---|
| 003 | GCL | ||
| 008 | 140319s9999 xx 000 0 eng d | ||
| 020 | _a090746176X | ||
| 040 |
_aGCL / _cGCL |
||
| 082 | 0 | 4 |
_a297.2 _bM I |
| 100 | 1 | _aMUHAMMAD ABU LAYLAH | |
| 245 | 1 | 0 |
_aIN PURSUIT OF VIRTUE / _cMUHAMMAD ABU LAYLAH |
| 260 |
_aنيوكلدونيا : _bPRINTER PUBLISHERS LTD ، _c1998 |
||
| 300 |
_a20 CM ؛ _c214P |
||
| 650 | 0 | 4 | _aISLAM |
| 650 | 0 | 4 | _aISLAM - COSMOLOGY |
| 650 | 0 | 4 | _aISLAM - THE STATE |
| 942 |
_2ddc _cBK |
||
| 999 |
_c7783 _d7783 |
||